| 000 -CABECERA |
| Campo de control de longitud fija |
00783nam a22001937a 4500 |
| 008 - CAMPO FIJO DE DESCRIPCIÓN FIJA--INFORMACIÓN GENERAL |
| Campo de control de longitud fija |
230411b ||||| |||| 00| 0 eng d |
| 040 ## - FUENTE DE CATALOGACIÓN |
| Agencia de catalogación original |
CDMR |
| 245 ## - MENCIÓN DE TÍTULO |
| Título |
Arxiu Sonor de la Ràdio a Catalunya (ASRC) [recurs electrònic] |
| Mención de responsabilidad, etc. |
/ [idea: Amparo Huertas, Cinto Niqui] |
| 260 ## - PUBLICACIÓN, DISTRIBUCIÓN, ETC (PIE DE IMPRENTA) |
| Lugar de publicación, distribución, etc. |
[S.l] : |
| Nombre del editor, distribuidor, etc. |
INCOM, Servei de Biblioteques UAB, |
| Fecha de publicación, distribución, etc. |
[2023] |
| 300 ## - DESCRIPCIÓN FÍSICA |
| Extensión |
1 recurs electrònic |
| 650 #0 - ASIENTO SECUNDARIO DE MATERIA--TÉRMINO DE MATERIA |
| 9 (RLIN) |
3105 |
| Nombre de materia o nombre geográfico como elemento de entrada |
Radiodifusió |
| Subdivisión geográfica |
Catalunya |
| Subdivisión general |
Història |
| 650 #0 - ASIENTO SECUNDARIO DE MATERIA--TÉRMINO DE MATERIA |
| 9 (RLIN) |
3756 |
| Nombre de materia o nombre geográfico como elemento de entrada |
Ràdio local |
| Subdivisión geográfica |
Catalunya |
| Subdivisión general |
Història |
| 650 #0 - ASIENTO SECUNDARIO DE MATERIA--TÉRMINO DE MATERIA |
| 9 (RLIN) |
4340 |
| Nombre de materia o nombre geográfico como elemento de entrada |
Radiodifusió digital |
| Subdivisión geográfica |
Catalunya |
| 700 1# - ENCABEZAMIENTO SECUNDARIO--NOMBRE PERSONAL |
| 9 (RLIN) |
2407 |
| Nombre de persona |
Huertas Bailén, Amparo |
| 700 1# - ENCABEZAMIENTO SECUNDARIO--NOMBRE PERSONAL |
| 9 (RLIN) |
904 |
| Nombre de persona |
Niqui, Cinto |
| 710 2# - ENCABEZAMIENTO SECUNDARIO--NOMBRE CORPORATIVO |
| 9 (RLIN) |
1253 |
| Nombre corporativo o de jurisdicción como elemento de entrada |
Universitat Autònoma de Barcelona |
| Unidad subordinada |
-- Institut de la Comunicació |
| 856 ## - ACCESO ELECTRÓNICO |
| Identificador uniforme del recurso URI |
<a href="https://arxiuradio.uab.cat/">https://arxiuradio.uab.cat/</a> |
| Nota Pública |
Accés en línia |
| 942 ## - ELEMENTOS KOHA |
| Fuente de clasificación o esquema de ordenación en estanterías |
|
| Koha tipo de item |
Materials audiovisuals |